000 00644nam a2200229Ia 4500
003 OSt
005 20221005133659.0
006 a|||||r|||| 00| 0
007 ta
008 221004b |||||||| |||| 00| 0 pan d
024 _a62496
037 _cTextual
040 _aCRL
_cCRL
_bpan
041 _2pan
_apan
082 _aO153,2NBH5,1, M6
100 _aਭਾਰਦਵਾਜ, ਦੇਵ, ਂਚ.
245 0 _aਅੱਖਰਬਾਗ਼
260 _c1986
650 _aਪੰਜਾਬੀ ਸਾਹਿਤ
942 _hO153,2NBH5,1, M6
_cTEXL
_2cc
999 _c1067529
_d1067529